| 000 | 00662nam a2200229Ia 4500 | ||
|---|---|---|---|
| 003 | GCL | ||
| 008 | 140319s9999 xx 000 0 ara d | ||
| 020 | _a2045344977 | ||
| 040 |
_aGCL / _cGCL |
||
| 082 | 0 | 4 |
_a812 _bن ع |
| 100 | 1 | _aدرينى خشبة | |
| 245 | 1 | 0 |
_aعلم المسرحية / _cدرينى خشبة |
| 700 | 1 | _aنيكول ، الارديس | |
| 250 | _aالثانية | ||
| 260 |
_aالكويت : _bدار سعاد الصباح ، _c1992 |
||
| 300 |
_a383 ص ؛ _c22 سم |
||
| 650 | 0 | 4 | _aالمسرح |
| 650 | 0 | 4 | _aالمسرحيات |
| 650 | 0 | 4 | _aالفنون المسرحية |
| 650 | 0 | 4 | _aالمسرح - نقد |
| 942 |
_2ddc _cBK |
||
| 999 |
_c56249 _d56249 |
||